Guess the kpop mv by thumbnail 2025 - Statistics

General Stats
  • This quiz has been taken 142 times
  • The average score is 24 of 48
Answer Stats
Picture Answer % Correct
Hot
94%
Hot sauce
93%
Like Jennie
90%
Jump
88%
Dirty work
80%
This is for
80%
Earthquake
79%
Air
75%
Thunder
75%
ExtraL
74%
Love language
71%
Killin it girl
70%
Good thing
69%
Attitude
67%
Hands up
66%
Mona lisa
66%
Bad desire
61%
Girls will be girls
61%
Toxic till the end
61%
Famous
57%
Lemon drop
57%
Her
55%
Rebel heart
52%
Born again
48%
In your fantasy
48%
Messy
48%
The chase
46%
Love hangover
43%
I do me
40%
Beautiful strangers
35%
1&Only
34%
Adult swim
34%
Futw
34%
Blind eyes red
33%
DUH!
30%
Wait on me
27%
If I say, I love you
26%
Cbz
25%
Python
25%
1999
22%
Panic
22%
Bttf
20%
Stunner
20%
Slam dunk
18%
+82 pressin
17%
96ers
17%
Chiller
16%
Obsession
16%
No matching quizzes found
Score Distribution
Percent of People with Each Score
Percentile by Number Answered
Your Score History
You have not taken this quiz